Development of economic analysis

Gespeichert in:
Bibliographische Detailangaben
1. Verfasser: Rima, Ingrid
Format: Buch
Sprache:Englisch
Veröffentlicht: Abingdon Routledge 2009
Ausgabe:7th ed.
Schlagworte:
Tags: Tag hinzufügen
Keine Tags, Fügen Sie das erste Tag hinzu!

MARC

LEADER 00000nam$a2200000$$$4500
001 0100649
005 20240312115545.0
020 |a 978-0-415-77292-1 
041 0 |a eng 
044 |a GB 
245 1 0 |a Development of economic analysis  |c Ingrid Rima 
250 |a 7th ed. 
264 1 |a Abingdon  |b Routledge  |c 2009 
300 |a 606 s. 
610 2 0 |a veda ekonomická 
610 2 0 |a ekonómia 
610 2 0 |a vývoj 
610 2 0 |a klasicizmus 
610 2 0 |a neoklasicizmus 
610 2 0 |a ekonómovia 
610 2 0 |a osobnosť 
610 2 0 |a teórie ekonomické 
610 2 0 |a paradigma 
610 2 0 |a analýza ekonomická 
100 1 |a Rima, Ingrid